| 000 | 00730nam a22002057a 4500 | ||
|---|---|---|---|
| 999 |
_c21313 _d21313 |
||
| 003 | AR-CdUCM | ||
| 008 | 190226b ||||| |||| 00| 0 spa d | ||
| 040 |
_aMUNICIPALIDAD PROVINCIAL DEL CUSCO _cBIBLIOTECA MUNICIPAL DEL CUSCO |
||
| 082 |
_aEP/372.41/V32 _bV32 |
||
| 100 |
_aVargas Fernandez, Mercedes _94441 |
||
| 245 | _aEstrategias didácticas basada en juegos para la resolución de problemas aritméticos aditivos / | ||
| 260 |
_aCusco ; _bGráfica Editorial Aguilar E.I.R.L., _c2017. |
||
| 300 |
_a93 Páginas. : _c20 cm. |
||
| 650 |
_a Educación psicomotriz _94443 |
||
| 650 |
_aPedagogía _91560 |
||
| 650 |
_aEducación infantil _912296 |
||
| 650 |
_aEducación inicial _93463 |
||
| 942 |
_2ddc _cLIBROS |
||
| 945 | _aRoel | ||